000
00323nam a2200133Ia 4500
008
150201s2010 xx 000 0 und d
082
_a
615
_b
P10S
100
_a
SIDDIQUI, A.A.
245
_a
PHARMACOLOGY AND TOXICOLOGY
260
_b
BIRLA PUB.
_a
DELHI
_c
2010
300
_a
1-228
650
_a
PHARMACOLOGY
942
_2
ddc
_c
BK
_0
1
999
_c
267
_d
267